| 000 | 00654nam a2200217Ia 4500 | ||
|---|---|---|---|
| 005 | 20260312113434.0 | ||
| 008 | 131103s9999 xx 000 0 und d | ||
| 020 |
_a079107823X _cRs.550.00 |
||
| 040 | _aLoreto College | ||
| 041 | _aEnglish | ||
| 082 |
_a822.33 _bSHA-BLO |
||
| 245 |
_aWilliam Shakespeare _cEdited and with an introduction by Harold Bloom |
||
| 260 |
_aPhiladelphia _bChelsea House _c2003 |
||
| 300 | _aix,550p | ||
| 440 | _aBloom's modern critical views | ||
| 504 | _aIncludes bibliographical references and index | ||
| 650 | _aShakespeare, William, 1564-1616 | ||
| 700 | _aBloom, Harold, ed | ||
| 850 | _aLCBED | ||
| 942 | _cBK | ||
| 999 |
_c17728 _d68207 |
||